00921nam a2200241 a 450000100100000000500170001000800410002704000250006810000270009324500770012025000110019726000530020830000210026149000520028250000210033450400330035559000750038870000250046383000590048804900090054795201060055699900170066200003500720200930074037.0111024s1955 es 000 0 spa d aDO-SdBNPbspacBNPHU1 aBochenski, I M.95231913aLa filosofía actual /cI. M. Bochenski ; traducción de Eugenio Imaz. a3a ed. aMéxico :bFondo de Cultura Económica,c1955. a357 p. ;c18 cm.1 aBreviarios del Fondo de Cultura Económicav16 aIncluye índice aBibliografía: p. 291 - 325 aPerteneció a la biblioteca personal de Juan Isidro Jimenes Grullón1 aEugenio, Imaz960624 0aBreviarios del Fondo de Cultura Económicav16925786 aBNPD 0010507-18MOaGRbGRcOId2011-10-24iLF1l0o p35007-10r2020-06-25w2020-06-25y1ZNo se presta c34498d34498